000 00338nam a2200133Ia 4500
005 20260328101518.0
008 260328s9999||||xx |||||||||||||| ||und||
100 _aJodidio, Philip
245 0 _aArchitecture in the Netherlands /
_cPhilip Jodidio
260 _bTaschen
300 _a192 p.
650 _aARQUITECTURA REGIONAL
942 _cBK
999 _c9470
_d9470